<?xml version="1.0" encoding="UTF-8"?>
<record
    xmlns:xsi="http://www.w3.org/2001/XMLSchema-instance"
    xsi:schemaLocation="http://www.loc.gov/MARC21/slim http://www.loc.gov/standards/marcxml/schema/MARC21slim.xsd"
    xmlns="http://www.loc.gov/MARC21/slim">

  <leader>00553nam a22001217a 4500</leader>
  <datafield tag="999" ind1=" " ind2=" ">
    <subfield code="c">10371</subfield>
    <subfield code="d">10371</subfield>
  </datafield>
  <controlfield tag="003">OSt</controlfield>
  <controlfield tag="008">201218b           ||||| |||| 00| 0 eng d</controlfield>
  <datafield tag="245" ind1=" " ind2=" ">
    <subfield code="a">Signals and Telecommunication Journal</subfield>
  </datafield>
  <datafield tag="250" ind1=" " ind2=" ">
    <subfield code="a">2013(Mar Vol.2 No.1, Sep Vol.2 No.2) 2014(Mar Vol.3 No.1, Sep Vol.3 No.2) 2015(Mar Vol.4 No.1, Sep Vol.4 No.2) 2016(Sep Vol.6 No.2) 2017(Sep Vol.6 No.2) 2018(Mar Vol.7 No.1, Sep Vol.7 No.2) 2017(Mar Vol.6 No.1) </subfield>
  </datafield>
  <datafield tag="260" ind1=" " ind2=" ">
    <subfield code="a">Harrison Street, USA</subfield>
    <subfield code="b">Digital Information Research Foundation</subfield>
  </datafield>
  <datafield tag="650" ind1=" " ind2=" ">
    <subfield code="a">Computer Science Engineering</subfield>
  </datafield>
  <datafield tag="942" ind1=" " ind2=" ">
    <subfield code="2">ddc</subfield>
    <subfield code="c">BV</subfield>
  </datafield>
  <datafield tag="952" ind1=" " ind2=" ">
    <subfield code="0">0</subfield>
    <subfield code="1">0</subfield>
    <subfield code="2">ddc</subfield>
    <subfield code="3">Bound Volume</subfield>
    <subfield code="4">0</subfield>
    <subfield code="7">1</subfield>
    <subfield code="8">BTECHCSE</subfield>
    <subfield code="a">PIET</subfield>
    <subfield code="b">PIET</subfield>
    <subfield code="d">2021-01-12</subfield>
    <subfield code="e">Digital Information Research Foundation</subfield>
    <subfield code="h">2013(Mar Vol.2 No.1, Sep Vol.2 No.2) 2014(Mar Vol.3 No.1, Sep Vol.3 No.2) 2015(Mar Vol.4 No.1, Sep Vol.4 No.2) 2016(Sep Vol.6 No.2) 2017(Sep Vol.6 No.2) 2018(Mar Vol.7 No.1, Sep Vol.7 No.2) 2017(Mar Vol.6 No.1) </subfield>
    <subfield code="l">0</subfield>
    <subfield code="p">BV1020</subfield>
    <subfield code="r">2021-01-12 00:00:00</subfield>
    <subfield code="w">2013-01-09</subfield>
    <subfield code="y">BV</subfield>
  </datafield>
</record>
